| 000 | 00410nam a22001697a 4500 | ||
|---|---|---|---|
| 003 | OSt | ||
| 008 | 231114b |||||||| |||| 00| 0 eng d | ||
| 041 | _aeng | ||
| 082 |
_a823.308 _bGOV / T |
||
| 100 |
_aGovan, Margaret _95609 |
||
| 245 | _aTrail of the Red Canoe | ||
| 250 | _aReprint. | ||
| 260 |
_aLondon: _bJM Dent & Sons Ltd, _c1954. |
||
| 300 | _a179p. | ||
| 700 |
_aMargot Lovejoy _95610 |
||
| 942 | _cBK | ||
| 999 |
_c17819 _d17819 |
||